Score 0/27 Timer 06:00
0 Plays Today
GAMES AS CAPTAIN PLAYER % Correct
344Steven Gerrard
99.3%
118Jordan Henderson
92.9%
51Jamie Carragher
86.9%
46James Milner
78%
25Robbie Fowler
74.5%
130Sami Hyypia
70.5%
13Virgil van Dijk
67.3%
20Pepe Reina
61.8%
87Ian Rush
60.4%
3Luis Suarez
59.5%
87John Barnes
55.7%
22Jamie Redknapp
50.4%
8Steve McManaman
38.9%
2Daniel Agger
37.6%
GAMES AS CAPTAIN PLAYER % Correct
3Martin Skrtel
32.4%
1Dejan Lovren
32%
1Dirk Kuyt
29.4%
65Paul Ince
29.3%
2Philippe Coutinho
29.1%
5Lucas Leiva
28.3%
2Simon Mignolet
25.7%
2Neil Ruddock
23.3%
17Mark Wright
23%
1Phil Babb
20.3%
2Emre Can
14.2%
9Steve Nicol
8.6%
1Jon Flanagan
8%
Remove Ads.
Support Sporcle.
Get the best of Sporcle when you Go Orange. This ad-free experience offers more features, more stats, and more fun while also helping to support Sporcle. Thank you for becoming a member.

You're not logged in!

Compare scores with friends on all Sporcle quizzes.
OR
Log In

Sporcle TV

Today on Sporcle TV


Watch our educational content, quiz creation guides, and fun videos on Sporcle TV.

Show Comments

Extras

Top Quizzes Today


Score Distribution

Paid Content

Your Account Isn't Verified!

In order to create a playlist on Sporcle, you need to verify the email address you used during registration. Go to your Sporcle Settings to finish the process.

Report this User

Report this user for behavior that violates our Community Guidelines.

Details: